Seven wonders of the cosmos (Record no. 14783)

MARC details
000 -LEADER
fixed length control field 00561nam a2200205Ia 4500
003 - CONTROL NUMBER IDENTIFIER
control field IN-BaIIA
008 - FIXED-LENGTH DATA ELEMENTS--GENERAL INFORMATION
fixed length control field 211028s9999 xx 000 0 eng d
020 ## - INTERNATIONAL STANDARD BOOK NUMBER
International Standard Book Number 0-521-63898-4
040 ## - CATALOGING SOURCE
Transcribing agency IIA Library
080 ## - UNIVERSAL DECIMAL CLASSIFICATION NUMBER
Universal Decimal Classification number 52
Item number NAR
100 ## - MAIN ENTRY--PERSONAL NAME
Personal name Narliker, J. V
9 (RLIN) 26570
245 #0 - TITLE STATEMENT
Title Seven wonders of the cosmos
Statement of responsibility, etc. J. V. Narliker
260 ## - PUBLICATION, DISTRIBUTION, ETC.
Place of publication, distribution, etc. Cambridge
Name of publisher, distributor, etc. Cambridge University Press
Date of publication, distribution, etc. 1999
300 ## - PHYSICAL DESCRIPTION
Extent x, 324p.
650 ## - SUBJECT ADDED ENTRY--TOPICAL TERM
Topical term or geographic name entry element Expanding Universe
9 (RLIN) 3204
650 ## - SUBJECT ADDED ENTRY--TOPICAL TERM
Topical term or geographic name entry element Space
9 (RLIN) 3725
650 ## - SUBJECT ADDED ENTRY--TOPICAL TERM
Topical term or geographic name entry element Stellar World
9 (RLIN) 26571
650 ## - SUBJECT ADDED ENTRY--TOPICAL TERM
Topical term or geographic name entry element When Stars Explode
9 (RLIN) 26572
942 ## - ADDED ENTRY ELEMENTS (KOHA)
Koha item type Books
Holdings
Withdrawn status Lost status Damaged status Not for loan Home library Current library Shelving location Date acquired Source of acquisition Cost, normal purchase price Total Checkouts Full call number Barcode Date last seen Cost, replacement price Price effective from Koha item type Purchase Price
        IIA Library-Bangalore IIA Library-Kavalur General Stacks 25/09/2002 PBS 395.00   52/ NAR 15705 05/11/2021 395.00 25/09/2002 Books Rs. 395.00

Powered by Koha